<?xml version="1.0" encoding="UTF-8"?>
<record
    xmlns:xsi="http://www.w3.org/2001/XMLSchema-instance"
    xsi:schemaLocation="http://www.loc.gov/MARC21/slim http://www.loc.gov/standards/marcxml/schema/MARC21slim.xsd"
    xmlns="http://www.loc.gov/MARC21/slim">

  <leader>00921nab a2200253 uc4500</leader>
  <controlfield tag="001">785952</controlfield>
  <controlfield tag="005">20240817091512.0</controlfield>
  <controlfield tag="008">021118s2002                        eng  </controlfield>
  <datafield tag="035" ind1=" " ind2=" ">
    <subfield code="a">785952</subfield>
  </datafield>
  <datafield tag="035" ind1=" " ind2=" ">
    <subfield code="a">(OCoLC)819998827</subfield>
  </datafield>
  <datafield tag="040" ind1=" " ind2=" ">
    <subfield code="c">comduadb</subfield>
  </datafield>
  <datafield tag="041" ind1=" " ind2=" ">
    <subfield code="a">eng</subfield>
  </datafield>
  <datafield tag="100" ind1="1" ind2="0">
    <subfield code="a">Hernandez, Felipe</subfield>
    <subfield code="4">aut</subfield>
    <subfield code="e">aut</subfield>
    <subfield code="9">361169</subfield>
  </datafield>
  <datafield tag="245" ind1="1" ind2="0">
    <subfield code="a">Cultural complexity and contemporany architectural though</subfield>
  </datafield>
  <datafield tag="650" ind1=" " ind2=" ">
    <subfield code="a">Deleuze, Gilles, 1925-1995 - Pensamiento filos&#xF3;fico</subfield>
    <subfield code="9">36627</subfield>
  </datafield>
  <datafield tag="650" ind1=" " ind2=" ">
    <subfield code="a">Guattari, F&#xE9;lix, 1930-1992</subfield>
    <subfield code="9">24350</subfield>
  </datafield>
  <datafield tag="650" ind1=" " ind2=" ">
    <subfield code="a">Teor&#xED;a de la complejidad</subfield>
    <subfield code="9">59537</subfield>
  </datafield>
  <datafield tag="650" ind1=" " ind2=" ">
    <subfield code="a">Arquitectura - Aspectos sociales</subfield>
    <subfield code="9">45787</subfield>
  </datafield>
  <datafield tag="650" ind1=" " ind2=" ">
    <subfield code="a">Arquitectura urbana</subfield>
    <subfield code="9">37916</subfield>
  </datafield>
  <datafield tag="650" ind1=" " ind2="7">
    <subfield code="a">Arquitectura colombiana</subfield>
    <subfield code="2">lcsh</subfield>
    <subfield code="9">52879</subfield>
  </datafield>
  <datafield tag="650" ind1=" " ind2=" ">
    <subfield code="a">Arquitectura - Colombia - Aspectos culturales</subfield>
    <subfield code="9">44721</subfield>
  </datafield>
  <datafield tag="773" ind1="0" ind2=" ">
    <subfield code="t">Revista Ciencias Humanas (Cali)</subfield>
    <subfield code="g">Vol. 05, No. 02, Jul.-Dic. 2002, p. 45-54</subfield>
    <subfield code="w">284066</subfield>
    <subfield code="x">0123-5826</subfield>
    <subfield code="0">98349</subfield>
  </datafield>
  <datafield tag="942" ind1=" " ind2=" ">
    <subfield code="c">ARIMP</subfield>
  </datafield>
  <datafield tag="999" ind1=" " ind2=" ">
    <subfield code="c">268437</subfield>
    <subfield code="d">268437</subfield>
  </datafield>
</record>
